La mujer migrante en Colombia anl̀isis de sus derechos humanos desde el contexto regional, 2014-2018 /

Detalles Bibliográficos
Autor principal: Torres Villarreal, Mara̕ Luca̕
Otros Autores: Palacios Sanabria, Mara̕ Teresa
Formato: eBook
Lenguaje:español
Publicado: Bogot:̀ Editorial Universidad de Rosario (Colombia), 2020
Materias:
Acceso en línea:Acceso restringido

MARC

LEADER 00000nam a22000007a 4500
005 20210427235032.0
007 cr ||| ||||
008 210427s2020 co |||||s|||| 00||0 spa d
020 |a 978-958-784-548-8 
035 |a 33136 
040 |a vLex 
090 |c 11547  |d 11547 
100 1 |a Torres Villarreal, Mara̕ Luca̕ 
245 1 2 |a La mujer migrante en Colombia  |h [Recurso electrn̤ico] :  |b anl̀isis de sus derechos humanos desde el contexto regional, 2014-2018 /  |c Mara̕ Luca̕ Torres Villarreal, Mara̕ Teresa Palacios Sanabria 
256 |a Servicio en ln̕ea 
260 |a Bogot:̀  |b Editorial Universidad de Rosario (Colombia),  |c 2020 
300 |a 1 recurso electrn̤ico 
506 1 |a Disponible solo en los productos indicados  |d vLex Global  |d vLex Global (Academic Edition, excluding Law Schools)  |d vLex Global (U.S. Academic Edition, Law Schools)  |d vLex Global (U.S. Academic Edition, excluding Law Schools)  |d vLex Global (Academic Edition, Law Schools) 
650 0 4 |a Derecho Pb︢lico y Administrativo  |z Colombia 
700 1 |a Palacios Sanabria, Mara̕ Teresa 
740 0 |a vLex Libros (Servicio en ln̕ea) 
856 4 0 |u https://vlex.com/source/mujer-migrante-colombia-analisis-derechos-humanos-contexto-regional-2014-2018-33136  |z Acceso restringido 
942 |c BOOK 
999 0 |a Public and Administrative Law